00313nam a2200097Ia 45000010005000000080041000050820032000461000079000782450034001572600024001914640241024s9999 xx 000 0 und d aRD/334.0327/C743c/2016-2017 aRepública Dominicana. Consejo Nacional para la Niñez y la Adolescencia 0aCarta Compromiso al Ciudadano bSanto Domingoc2016